LEADER 00746nam0-22002771i-450- 001 990004346640403321 005 20050218121810.0 035 $a000434664 035 $aFED01000434664 035 $a(Aleph)000434664FED01 035 $a000434664 100 $a19990604d1967----km-y0itay50------ba 101 0 $aita 105 $ay-------001yy 200 1 $aBritain since 1918$fBentley B. Gilbert 210 $aLondon$cBatsford$d1967. 215 $a206 p.$d23 cm 676 $a941.082$v21$zita 700 1$aGilbert,$bBentley B.$0173538 801 0$aIT$bUNINA$gRICA$2UNIMARC 901 $aBK 912 $a990004346640403321 952 $a941.08 GIL 1$bI.st.r.c.4864$fFLFBC 959 $aFLFBC 996 $aBritain since 1918$9486141 997 $aUNINA LEADER 00824nam0-22003011i-450- 001 990001181360403321 010 $a0-387-90614-2 035 $a000118136 035 $aFED01000118136 035 $a(Aleph)000118136FED01 035 $a000118136 100 $a20000920d1982----km-y0itay50------ba 101 0 $aeng 200 1 $aMethods of Numerical Mathematics$fGurij I. Marchuk 210 $aNew York [etc.]$cSpringer-Verlag$d1982 225 1 $aApplications of mathematics$v2 610 0 $aAnalisi numerica 676 $a519.4 700 1$aMarcuk,$bGurij Ivanovic$049044 801 0$aIT$bUNINA$gRICA$2UNIMARC 901 $aBK 912 $a990001181360403321 952 $a8-M-5$b20856$fMA1 959 $aMA1 962 $a65-XX 996 $aMethods of Numerical Mathematics$9342225 997 $aUNINA DB $aING01